Microbiología moderna de los alimentos

保存先:
書誌詳細
主要な著者: Jay, James M (著者), Loessner, Martin J (著者), Golden, David A (著者)
フォーマット: 図書
言語:スペイン語
出版事項: Zaragoza Acribia 2009
版:5a. ed
主題:
タグ: タグ追加
タグなし, このレコードへの初めてのタグを付けませんか!

MARC

LEADER 00000nam a2200000 a 4500
001 UCH9076
003 CL-VaPUC
008 091224e20090000SP |||||||||||||||||spa|d
020 |a 9788420011257 
082 0 4 |a 576.163  |b JAY  |2 21 
100 |a Jay, James M  |e author  |9 545925 
700 0 |a Loessner, Martin J  |e author  |9 545926 
700 0 |a Golden, David A  |e author  |9 545927 
245 1 0 |a Microbiología moderna de los alimentos 
250 |a 5a. ed 
300 |a 767 p 
942 |c BK 
945 |d 20091224 00:00:00  |a rbrito 
260 |a Zaragoza  |b Acribia  |c 2009 
650 0 |a Microbiología de los alimentos  |9 325722 
650 0 |a Conservación de los alimentos  |9 259337 
650 0 |a Microorganismos  |9 264259 
650 0 |a Taxonomía animal  |9 347468 
650 0 |a Taxonomía de las plantas  |9 360224 
650 0 |a Enfermedades de origen alimentario  |9 545928 
583 |a last modification  |c 20091224 00:00:00  |k Rodrigo Vera 
999 |c 339140  |d 339138 
952 |0 0  |1 0  |4 0  |6 576_163000000000000_JAY_2009  |7 0  |8 A  |9 432602  |a BIBAGR  |b BIBAGR  |d 2019-11-22  |i 4628683  |l 1  |o 576.163 JAY 2009  |p 4628683  |r 2025-01-20  |s 2022-05-10  |w 2019-11-22  |y BK  |k AGR